| 000 | 01088nam a2200289 i 4500 | ||
|---|---|---|---|
| 001 | 106589 | ||
| 003 | ES-MaACL | ||
| 005 | 20231005163300.0 | ||
| 007 | t| | ||
| 008 | 061205s1970 sp ||||1| spa d | ||
| 080 | _a75 Arenillas, Eduardo (083.82) | ||
| 100 | 1 |
_aArenillas, Eduardo. _922617 |
|
| 245 | 1 | 0 |
_aArenillas _b: [exposición, Ateneo de Madrid, Sala Joven - Prado 21, octubre 1970] / _c[texto: Jesús Burgaleta, Antonio Gutiérrez]. |
| 260 |
_aMadrid : _bPublicaciones Españolas, _c1970. |
||
| 300 |
_a[8] p. : _bil. ; _c20 cm. |
||
| 490 | 1 |
_aSerie IV, Sala Joven ; _v1 |
|
| 600 | 1 | 4 |
_aArenillas, Eduardo- _vExposiciones. _922618 |
| 610 | 2 | 7 |
_aAteneo de Madrid- _vExposiciones- _y1970-1979. _91921 |
| 655 | 7 |
_2tgfbne _9193628 _aCatálogos de exposiciones |
|
| 700 | 1 |
_aBurgaleta, Jesús. _932613 |
|
| 700 | 1 |
_aGutiérrez, Antonio. _961042 |
|
| 710 | 2 |
_aAteneo de Madrid. _bSala Joven (Prado, 21) _91966 |
|
| 830 | 0 |
_aSerie IV, Sala Joven ; _v1 _9185268 |
|
| 852 |
_aES-MaACL _j2211-F-2 _9110642 _bR.138341 _cDEPOF |
||
| 942 |
_2udc _cFOLLETOS |
||
| 999 |
_c106589 _d106589 |
||